MARC

LEADER 00000nam0a2200000 4500
001 255767
005 20231031215243.0
010 |a 5110011893 
020 |a RU  |b 89-74476 
035 |a (RuTPU)RU\TPU\book\278305 
090 |a 255767 
100 |a 20140401d1989 m y0rusy5003 ca 
101 0 |a rus 
102 |a UA 
105 |a y j 001zy 
200 1 |a Построение и функционирование сложных систем управления  |e учебное пособие для вузов  |f Г. В. Лавинский 
210 |a Киев  |c Выща школа  |d 1989 
215 |a 334,[1] с.  |c ил. 
320 |a Библиогр.: с. 332-335 (100 назв.). 
606 1 |a Организация управления  |x Автомактизация  |2 stltpush  |3 (RuTPU)RU\TPU\subj\47294 
610 1 |a автоматизированные системы планирования и управления 
610 1 |a построение 
610 1 |a функционирование 
610 1 |a сложные системы 
610 1 |a экономические системы 
675 |a 658.5.011.56(075.8)  |z rus 
700 1 |a Лавинский  |b Г. В.  |g Глеб Владимирович 
801 0 |a RU  |b RuMRKP  |c 19950417  |g psbo 
801 1 |a RU  |b 63413507  |c 20140401 
801 2 |a RU  |b 63413507  |c 20140704  |g RCR 
942 |c BK